| 000 | 01928nam a2200457Ii 4500 | ||
|---|---|---|---|
| 001 | DIGUCCK0157 | ||
| 003 | NyNyDIG | ||
| 006 | m o d | ||
| 007 | cr ||||||||||| | ||
| 008 | 241101s2023 ck ob 000 0 spa d | ||
| 035 | _a(OCoLC)1464838557 | ||
| 040 |
_aDGITA _beng _erda _epn _cDGITA |
||
| 020 |
_a9786287554443 _qdigital |
||
| 020 |
_z9786287554436 _qimpreso |
||
| 043 | _as-ck--- | ||
| 050 | 1 | 4 | _aHC197 ebook |
| 245 | 0 | 0 |
_aDesajustes entre competencias laborales y habilidades requeridas en el mercado de trabajo : _buna contribución a la comprensión de las brechas de capital humano en Cundinamarca y Bogotá / _cWilliam Orlando Prieto Bustos [and 4 others]. |
| 250 | _aPrimera edición. | ||
| 264 | 1 |
_aBogotá, D. C. : _bUniversidad Católica de Colombia, _c[2023] |
|
| 300 | _a1 online resource. | ||
| 336 |
_atext _btxt _2rdacontent |
||
| 337 |
_acomputer _bc _2rdamedia |
||
| 338 |
_aonline resource _bcr _2rdacarrier |
||
| 347 |
_atext file _2rdaft |
||
| 347 | _bPDF | ||
| 490 | 1 |
_aColección Oikonomía ; _v6 |
|
| 504 | _aIncludes bibliographical references. | ||
| 588 | 0 | _aOnline resource; title from PDF title page (Digitalia, viewed November 1, 2024) | |
| 650 | 0 |
_aLabor economics _zColombia. |
|
| 650 | 0 | _aIndustrial relations. | |
| 650 | 0 |
_aEmployees _xTraining of. |
|
| 650 | 0 | _aHuman capital. | |
| 700 | 1 |
_aPrieto Bustos, William Orlando, _eauthor. |
|
| 791 | 2 |
_aDigitalia (Firm), _edistributor. |
|
| 793 | 0 |
_gDigitalia eBook Collection: _aUniversidad Católica de Colombia |
|
| 776 | 0 | 8 |
_iPrint version: _tDesajustes entre competencias laborales y habilidades requeridas en el mercado de trabajo. _bPrimera edición. _dBogotá, D. C. : Universidad Católica de Colombia,[2023] _z9786287554436 |
| 830 | 0 |
_aColección Oikonomía ; _v6. |
|
| 856 | 4 | 0 |
_3Digitalia Hispánica _uhttps://www.digitaliapublishing.com/a/160431/ |
| 910 | _aPremium collection: 2024 | ||
| 942 | _cRAA | ||
| 999 |
_c288746 _d288746 |
||